पौराणिक बाल कथाएं / (Record no. 20862)

MARC details
000 -LEADER
fixed length control field 01206nam a22002537a 4500
005 - DATE AND TIME OF LATEST TRANSACTION
control field 20090102122541.0
008 - FIXED-LENGTH DATA ELEMENTS--GENERAL INFORMATION
fixed length control field 090102t xxu||||| |||| 00| 0 hin d
010 ## - LCCN (DPL NO)
LC control number B-309530
020 ## - INTERNATIONAL STANDARD BOOK NUMBER
Terms of availability 13.50
035 ## - SYSTEM CONTROL NUMBER
System control number B-309530
037 ## - SOURCE OF ACQUISITION
Source of stock number/acquisition DBAD / PUB
040 ## - CATALOGING SOURCE
Original cataloging agency DPL
Language of cataloging HN
082 ## - DEWEY DECIMAL CLASSIFICATION NUMBER
Classification number
100 ## - MAIN ENTRY--PERSONAL NAME
Personal name गुप्त, विश्वनाथ
245 ## - TITLE STATEMENT
Title पौराणिक बाल कथाएं /
Statement of responsibility, etc विश्वनाथ गुप्त
246 ## - VARYING FORM OF TITLE
Title proper/short title Paranik Bal Kathayen
Remainder of title by Vishawanath Gupta
260 ## - PUBLICATION, DISTRIBUTION, ETC. (IMPRINT)
Place of publication, distribution, etc नई दिल्ली
Name of publisher, distributor, etc प्रकाशन विभाग, सूचना और प्रसारण मंत्रालय
Date of publication, distribution, etc 1990
270 ## - ADDRESS
Address पटियाला हाउस
City नई दिल्ली
Postal code 110 001
300 ## - PHYSICAL DESCRIPTION
Extent भा-2, 53 पृ.
Dimensions 21 सेमी (अजिल्द)
Other physical details सचित्र
650 ## - SUBJECT ADDED ENTRY--TOPICAL TERM
Source of heading or term हिन्दी बाल कहानियाँ
650 ## - SUBJECT ADDED ENTRY--TOPICAL TERM
Source of heading or term Hindi Children Stories
942 ## - ADDED ENTRY ELEMENTS (KOHA)
Source of classification or shelving scheme Dewey Decimal Classification
Item type Children Books
Call number suffix गुप्तवि
Classification part
Holdings
Withdrawn status Lost status Source of classification or shelving scheme Materials specified (bound volume or other part) Damaged status Not for loan Collection code Home library Current library Date acquired Source of acquisition Cost, normal purchase price Total Checkouts Full call number Barcode Date last seen Copy number Cost, replacement price Koha item type
    Dewey Decimal Classification भा-2   Not For Loan Fiction Central Library Central Library 12/01/2009 DBAD 13.50   क गुप्तवि B-309530 12/01/2009 1 13.50 Children Books

© Delhi Public Library
Hit Counter
free hit counter